000 00564nam a2200217Ia 4500
003 GCL
008 140319s9999 xx 000 0 ara d
020 _a7103148977
040 _aGCL /
_cGCL
082 0 4 _a229.5
_bا ا
100 1 _aاحمد بهجت
245 1 0 _aانبياء الله /
_cاحمد بهجت
250 _a22
260 _aالقاهرة :
_bدار الشروق ،
_c1997
300 _a478 ص ؛
_c24 سم
490 _a
650 0 4 _aالانبياء
650 0 4 _aقصص الانبياء
650 0 4 _aالرسل
942 _2ddc
_cBK
999 _c32390
_d32390